Detalles MARC
| 000 -LEADER |
| fixed length control field |
03309nam a2200481Ii 4500 |
| 001 - CONTROL NUMBER |
| control field |
DIGRBN0039 |
| 003 - CONTROL NUMBER IDENTIFIER |
| control field |
NyNyDIG |
| 008 - FIXED-LENGTH DATA ELEMENTS--GENERAL INFORMATION |
| fixed length control field |
140701s2012 sp ob 000 0 spa d |
| 006 - FIXED-LENGTH DATA ELEMENTS--ADDITIONAL MATERIAL CHARACTERISTICS |
| fixed length control field |
m o d |
| 007 - PHYSICAL DESCRIPTION FIXED FIELD--GENERAL INFORMATION |
| fixed length control field |
cr ||||||||||| |
| 020 ## - INTERNATIONAL STANDARD BOOK NUMBER |
| International Standard Book Number |
9788499404813 |
| Qualifying information |
(eBook) |
| 020 ## - INTERNATIONAL STANDARD BOOK NUMBER |
| Canceled/invalid ISBN |
9788499402772 |
| 020 ## - INTERNATIONAL STANDARD BOOK NUMBER |
| Canceled/invalid ISBN |
8499402771 |
| 041 1# - LANGUAGE CODE |
| Language code of text/sound track or separate title |
spa |
| Language code of original |
ger |
| 040 ## - CATALOGING SOURCE |
| Original cataloging agency |
DGITA |
| Language of cataloging |
eng |
| Description conventions |
rda |
| -- |
pn |
| Transcribing agency |
DGITA |
| 050 14 - LIBRARY OF CONGRESS CALL NUMBER |
| Classification number |
B573 eBook |
| 100 1# - MAIN ENTRY--PERSONAL NAME |
| Personal name |
Marx, Karl, |
| Dates associated with a name |
1818-1883, |
| Relator term |
author. |
| 240 10 - UNIFORM TITLE |
| Uniform title |
Differenz der demokritischen und epikureischen Naturphilosophie. |
| Language of a work |
Spanish |
| 245 10 - TITLE STATEMENT |
| Title |
Diferencia de la filosofía de la naturaleza en Demócrito y en Epicuro y otros escritos / |
| Statement of responsibility, etc. |
Marx, Karl ; traducción, presentación y notas de Miguel Candel |
| 250 ## - EDITION STATEMENT |
| Edition statement |
Edición digital. |
| 264 #1 - PRODUCTION, PUBLICATION, DISTRIBUTION, MANUFACTURE, AND COPYRIGHT NOTICE |
| Place of production, publication, distribution, manufacture |
Madrid : |
| Name of producer, publisher, distributor, manufacturer |
Editorial Biblioteca Nueva, S.L., |
| Date of production, publication, distribution, manufacture, or copyright notice |
2012. |
| 300 ## - PHYSICAL DESCRIPTION |
| Extent |
1 online resource (236 pages) : |
| Other physical details |
illustrations. |
| 336 ## - CONTENT TYPE |
| Content type term |
text |
| Content type code |
txt |
| Source |
rdacontent |
| 337 ## - MEDIA TYPE |
| Media type term |
computer |
| Media type code |
c |
| Source |
rdamedia |
| 338 ## - CARRIER TYPE |
| Carrier type term |
online resource |
| Carrier type code |
cr |
| Source |
rdacarrier |
| 490 1# - SERIES STATEMENT |
| Series statement |
Clásicos del pensamiento ; |
| Volume/sequential designation |
65 |
| 500 ## - GENERAL NOTE |
| General note |
Fist published: Barcelona : Editorial Crítica, 1988. |
| 500 ## - GENERAL NOTE |
| General note |
"La traducción de la Tesis está realizada siguiendo fielmente el texto publicado en el tomo I/1 págs. 7-92, de la nueva Gesamtausgabe (MEGA) [Berlin : Dietz, 1975]" (page 35) |
| 500 ## - GENERAL NOTE |
| General note |
"La traducción de los Cuadernos de filosofía epicúrea, estoica y escéptica corresponde a un extracto de seis de los siete Cuadernos (todos menos el quinto), confeccionado a partir del texto publicado en el tomo I del Suplemento a la edición MEW (Marx Engels Werke), realizada por la misma editorial Dietz bajo los auspicios del Instituto de Marxismo-Leninismo del Comité Central del PSUA (Berlín, 1974, págs. 13-255)" (page 36) |
| 504 ## - BIBLIOGRAPHY, ETC. NOTE |
| Bibliography, etc. note |
Includes bibliographical references (pages [37]-40). |
| 505 0# - FORMATTED CONTENTS NOTE |
| Formatted contents note |
Prólogo a la presente edición -- Presentación -- 1. Sentido de la publicación -- 2. La hermenéutica "tendenciosa" de Marx: pros y contras -- 3. Atmósfera intelectual del Marx doctorando -- 4. Nacimiento de la tesis doctoral -- 5. El Epicuro de Marx: naturaleza y libertad -- Nota técnica sobre el texto -- Bibliografía sucinta -- Diferencia entre la filosofía natural democritea y la epicúrea -- Cuadernos de filosofía epicúrea, estoica y escéptica (extractos) -- Filosofía epicúrea. Cuaderno primero -- Filosofía epicúrea. Cuaderno segundo -- Filosofía epicúrea. Cuaderno tercero -- Filosofía epicúrea. Cuaderno cuarto -- Filosofía epicúrea. [Cuaderno sexto] -- Filosofía epicúrea. Cuaderno séptimo. |
| 588 0# - SOURCE OF DESCRIPTION NOTE |
| Source of description note |
Online resource; title from ePub and PDF title page (Digitalia, viewed July 5, 2014) |
| 650 #0 - SUBJECT ADDED ENTRY--TOPICAL TERM |
| Topical term or geographic name entry element |
Epicurus. |
| 650 #0 - SUBJECT ADDED ENTRY--TOPICAL TERM |
| Topical term or geographic name entry element |
Philosophers, Ancient. |
| 655 #0 - INDEX TERM--GENRE/FORM |
| Genre/form data or focus term |
Electronic books. |
| 791 2# - |
| -- |
Digitalia (Firm), |
| -- |
distributor. |
| 793 0# - |
| -- |
Digitalia eBook Collection: |
| -- |
Biblioteca Nueva |
| 776 08 - ADDITIONAL PHYSICAL FORM ENTRY |
| Relationship information |
Print version: |
| Main entry heading |
Marx, Karl. |
| Title |
Diferencia de la filosofía de la naturaleza en Demócrito y en Epicuro y otros escritos. |
| Place, publisher, and date of publication |
Madrid : Biblioteca Nueva, 2012 |
| International Standard Book Number |
9788499402772 |
| Record control number |
(OCoLC)828351971 |
| 830 #0 - SERIES ADDED ENTRY--UNIFORM TITLE |
| Uniform title |
Clásicos del pensamiento (Biblioteca Nueva (Firm)) ; |
| Volume/sequential designation |
65. |
| 856 40 - ELECTRONIC LOCATION AND ACCESS |
| Materials specified |
Digitalia Hispánica |
| Uniform Resource Identifier |
<a href="https://www.digitaliapublishing.com/a/23529/">https://www.digitaliapublishing.com/a/23529/</a> |
| 910 ## - USER-OPTION DATA (OCLC) |
| User-option data |
Premium Collection: 2013 |
| 942 ## - ADDED ENTRY ELEMENTS (KOHA) |
| Koha item type |
Recurso Electrónico |